01211nac a22003497a 4500001001000000003000900010005001700019008003400036040005400070072001300124090001900137100001900156100001600175100002000191110005300211245011800264260004000382300000900422490008100431500001300512650001000525650001400535650001100549650001100560650001900571650002200590650002000612909004700632942001700679999001900696952014600715BR0903977BR-BrBNA20240105123758.0230509b bl.|||m| |||| 00| 0 por d aBR-BrBNAbporcBiblioteca Nacional de Agricultura aF04; P35 a1120 BR09039771 aSouza, M.D. de1 aDynia, J.F.1 aSilva, A. de S.1 aEMBRAPA Meio Ambiente, Jaguariúna, SP (Brasil)1 aNutrientes e argila dispersa em água no perfil de solo em cultura da mangueira fertirrigada por microaspersão3 aJaguariúna, SP (Brasil): c2001.  a4 p. aComunicado Técnico - EMBRAPA Meio Ambiente (Brazil)vno. 6xISSN 1516-8638 a7 illus. aMANGA aNUTRIENTE aARGILA aÁGUA aPERFIL DO SOLO aFERTIRRIGAÇÃO aMICROASPERSÃO a202312bLúcia Elandec55dLúcia Elande 2AGRISn0cMS c296956d296956 002AGRIS40708Acervo Gerala41918b41918cAGROBASEl0o1120 BR0903977p1120 BR0903977r2023-12-18yMSePortaria Interministerial nº 164/94